Central Library OPAC University of Rajshahi
Normal view MARC view

Entry Personal Name

Number of records used in: 3

001 - CONTROL NUMBER

  • control field: 13946

003 - CONTROL NUMBER IDENTIFIER

  • control field: BD-RjUL

005 - DATE AND TIME OF LATEST TRANSACTION

  • control field: 20241027163002.0

008 - FIXED-LENGTH DATA ELEMENTS

  • fixed length control field: 241027|| aca||aabn | a|a d

040 ## - CATALOGING SOURCE

  • Original cataloging agency: BD-RjUL
  • Transcribing agency: BD-RjUL

100 ## - HEADING--PERSONAL NAME

  • Personal name: Ibrahimy, Sekandar Ali

670 ## - SOURCE DATA FOUND

  • Source citation: Work cat.: (BD-RjUL)38763: Reports on Islamic education and Madrasah education in Bengal, 1861-1977 /, 1990